Loading...

ശിരോലിഖിതത്തിന്റെ കാര്‍ബണ്‍പതിപ്പുകള്‍ /

Bibliografiske detaljer
Hovedforfatter: നായര്‍, രവിശങ്കര്‍. എസ്
Andre forfattere: Nair, Ravisankar S
Format: Printed Book
Sprog:English
Udgivet: തിരുവനന്തപുരം : ചിന്ത പബ്ലിഷേഴ്സ്, 2012.
Udgivelse:1st ed.
Fag:
LEADER 01084nam a22002057a 4500
008 170411b xxu||||| |||| 00| 0 eng d
999 |c 17398  |d 17398 
082 |a P 894.1107  |b AYY/RAV 
100 |a നായര്‍, രവിശങ്കര്‍. എസ് 
240 |a Shiroligithathinte karbanpathippukal 
245 |a ശിരോലിഖിതത്തിന്റെ കാര്‍ബണ്‍പതിപ്പുകള്‍ /  |c രവിശങ്കര്‍. എസ് നായര്‍ 
250 |a 1st ed. 
260 |a തിരുവനന്തപുരം :  |b ചിന്ത പബ്ലിഷേഴ്സ്,  |c 2012. 
300 |a 88p. 
440 |x നായര്‍ 
650 |a Poem 
700 |a Nair, Ravisankar S 
942 |2 ddc  |c REF 
952 |0 0  |1 0  |2 ddc  |4 0  |5 1  |6 P_894_110700000000000_AYY_RAV  |7 0  |9 24379  |a MAIN  |b MAIN  |d 2017-04-11  |e Gift  |g 60.00  |o P 894.1107 AYY/RAV  |p 25172  |r 2017-04-11  |t 1  |w 2017-04-11  |y REF 
952 |0 0  |1 0  |2 ddc  |4 0  |5 1  |6 P_894_110700000000000_AYY_RAV  |7 0  |9 24739  |a MAIN  |b MAIN  |d 2017-04-20  |e Gift  |g 60.00  |o P 894.1107 AYY/RAV  |p 25216  |r 2017-04-20  |t 2  |w 2017-04-20  |y REF